000 00707nam a2200241Ia 4500
003 OSt
005 20220925220425.0
006 a|||||r|||| 00| 0
007 ta
008 220923b |||||||| |||| 00| 0 eng d
037 _cGeneral Book
040 _aRTL
_cRTL
_beng
041 _2eng
_aeng
082 _aX:77, L5
100 _aLecomber Richard
_9284763
245 0 _aEconomic growth versus the environment
260 _aLondon
_bMacmillan
_c1975
300 _a96p. Bibliography: P 89-96, Appendix: P 80-88
_ccm.
490 _aMacmillan studies in economics
650 _aEconomics Development
942 _hX:77, L5
_cGB
_2CC
999 _c571427
_d571427